000 00696nam a2200193 a 4500
005 20171121093458.0
008 171121s2000 -cn ||||r|||| 00| 0 eng d
040 _aCO-BoIAVH
_cCO-BoIAVH
041 0 _aeng
044 _acn
082 0 4 _a344.042
_bG81b
110 2 _aGreenpeace International
245 1 0 _aBiosafety protocol :
_bnegotiating text annotated by Greenpeace International /
260 _aMontreal (Canadá) :
_bGreenpeace International Publications,
_c2000.
300 _a44 páginas ;
_c28 x 22 cm.
611 2 _aExtraordinary Conference of Parties
_d(Enero de 2000 :
_cCanadá)
650 2 6 _aBioseguridad
_vCongresos,conferencias, etc.
942 _cLIBRO
_2ddc
999 _c2138
_d2138